عرض عادي
عرض مارك
- Academic writing.
مدخل مصطلح موضوعي
001 - رقم الضبط
- حقل الضبط: 35658
003 - معرف رقم الضبط
- حقل الضبط: OSt
005 - تاريخ ووقت أخر عملية
- حقل الضبط: 20130427110305.0
008 - عناصر بيانات ثابتة الطول
- حقل تحكم ثابت الطول: 130427|||a|||||| | ||| d
040 ## - مصدر الفهرسة
- هيئة الفهرسة الأصلية: OSt
- وكالة الكتابة: OSt
150 ## - مدخل-- مصطلح تاريخي
- عنصر مدخل المصطلح الموضوعي او الاسم الجغرافي: Academic writing.
- تفريع شكلي: Problems, exercises, etc
670 ## - بيانات المصدر موجوده
- الاستشهاد بالمصدر: Work cat.: (OSt)0: Connelly, Mark. 35657, Get writing :, 2012.
